|
|
|
|
| LEADER |
01074nam a2200253 a 4500 |
| 001 |
000558259 |
| 008 |
090507s2001 nyua b 001 0 eng d |
| 010 |
|
|
|a 2001030179
|
| 020 |
|
|
|a 0071202404
|
| 040 |
|
|
|a DLC
|c DLC
|d FNP
|
| 082 |
0 |
0 |
|a 621.382/5
|2 21
|
| 100 |
1 |
|
|a Roddy, Dennis,
|d 1931-
|
| 245 |
1 |
0 |
|a Satellite communications /
|c Dennis Roddy.
|
| 250 |
|
|
|a 3rd ed.
|
| 260 |
|
|
|a New York :
|b McGraw-Hill,
|c 2001.
|
| 300 |
|
|
|a xiv, 569 p. :
|b ill. ;
|c 24 cm.
|
| 490 |
1 |
|
|a McGraw-Hill telecommunications
|
| 504 |
|
|
|a Includes bibliographical references (p. 557-563) and index.
|
| 541 |
1 |
|
|e 00013812
|
| 650 |
|
0 |
|a Artificial satellites in telecommunication.
|
| 852 |
4 |
|
|a <add your library>
|j <shelf mark>
|
| 999 |
|
|
|c 489
|d 489
|
| 952 |
|
|
|0 0
|1 0
|2 ddc
|4 0
|6 621_382500000000000_ROD_2001
|7 0
|9 443
|a BRACUL
|b BRACUL
|c GEN
|d 2009-05-07
|g 511.00
|l 6
|m 59
|o 621.3825 ROD
|p 3010013812
|r 2025-05-03
|s 2025-04-29
|t 1
|w 2009-05-07
|y BK
|
| 952 |
|
|
|0 0
|1 0
|2 ddc
|4 0
|6 621_382500000000000_ROD_2001
|7 0
|9 14547
|a BRACUL
|b BRACUL
|c GEN
|d 2011-03-05
|l 2
|m 7
|o 621.3825 ROD
|p 3010013813
|r 2016-04-07
|s 2016-03-03
|t 2
|w 2011-03-05
|y BK
|